Подробности
| 000 -МАРКЕР |
| контрольное поле |
02546nam0a2200421 4500 |
| 001 - ИДЕНТИФИКАТОР ЗАПИСИ |
| контрольное поле |
RU\NLR\bibl\503115 |
| 005 - ИДЕНТИФИКАТОР ВЕРСИИ |
| контрольное поле |
20260409073429.0 |
| 010 ## - МЕЖДУНАРОДНЫЙ СТАНДАРТНЫЙ НОМЕР КНИГИ (ISBN) |
| Номер (ISBN) |
5-7464-0366-0 |
| Тираж |
500 |
| 021 ## - НОМЕР ГОСУДАРСТВЕННОЙ РЕГИСТРАЦИИ |
| Код страны |
российская федерация |
| Номер |
2004-5766 |
| Номер Листа государственной регистраци |
296 |
| 035 ## - ДРУГИЕ СИСТЕМНЫЕ НОМЕРА |
| Идентификатор записи |
(NLR Aleph) 000495693 |
| 100 ## - ДАННЫЕ ОБЩЕЙ ОБРАБОТКИ |
| Данные общей обработки |
20040322d2002 |||y0rusy50 ca |
| 101 0# - ЯЗЫК РЕСУРСА |
| Язык текста, звукозаписи и т.д. |
русский |
| Язык оглавления |
русский |
| -- |
немецкий |
| 102 ## - СТРАНА ПУБЛИКАЦИИ ИЛИ ПРОИЗВОДСТВА |
| Страна публикации |
германия |
| -- |
российская федерация |
| 105 ## - ПОЛЕ КОДИРОВАННЫХ ДАННЫХ: ТЕКСТОВЫЕ МАТЕРИАЛЫ, МОНОГРАФИЧЕСКИЕ |
| Кодированные данные о монографическом текстовом документе |
a ||||||||| |
| 200 1# - ЗАГЛАВИЕ И СВЕДЕНИЯ ОБ ОТВЕТСТВЕННОСТИ |
| Основное заглавие |
Экономическое моделирование и прогнозирование на компьютере |
| Параллельное заглавие |
EDV-Gestützte Modellierung und Prognoseerstellung |
| Первые сведения об ответственности |
Э.Ю. Лернер, О.А. Кашина |
| Последующие сведения об ответственности |
Казан. гос. ун-т |
| Язык параллельного заглавия |
немецкий |
| 210 ## - ПУБЛИКАЦИЯ, РАСПРОСТРАНЕНИЕ И ДР. |
| Место издания, распространения и т.д. |
Гиссен |
| -- |
Казань |
| Имя издателя, распространителя и т. д. |
Изд-во Казан. ун-та |
| Дата издания, распространения и т.д. |
2002 |
| 215 ## - ФИЗИЧЕСКАЯ ХАРАКТЕРИСТИКА |
| Специфическое обозначение материала и объем |
138, [2] с. |
| Размеры |
20 |
| 225 1# - СЕРИЯ |
| Основное заглавие серии |
Сотрудничество немецких и российских вузов |
| Наименование части |
Учебная литература для экономического образования |
| Параллельное заглавие серии |
Lehrbuchreihe für die Ausbildung von Ökonomen erstellt in Zusammenarbeit deutscher und russischer Hochschullehrer |
| 300 ## - ОБЩИЕ ПРИМЕЧАНИЯ |
| Текст примечания |
Авт. также на нем. яз.: E.Yu. Lerner, O.A. Kaschina |
| 320 ## - ПРИМЕЧАНИЯ О НАЛИЧИИ В ДОКУМЕНТЕ БИБЛИОГРАФИИ / УКАЗАТЕЛЯ |
| Текст примечания |
Библиогр. в конце кн. (29 назв.) |
| 510 0# - ПАРАЛЛЕЛЬНОЕ ЗАГЛАВИЕ |
| Параллельное заглавие |
EDV-Gestützte Modellierung und Prognoseerstellung |
| Язык заглавия |
немецкий |
| 606 0# - НАИМЕНОВАНИЕ ТЕМЫ КАК ПРЕДМЕТ |
| Наименование темы |
Математические модели в экономике |
| Формальный подзаголовок |
Руководства, пособия и т.п. |
| Системный номер авторитетной/нормативной записи |
1534555 |
| Идентификатор авторитетной/нормативной записи |
RU\NLR\auth\66668608 |
| 606 ## - НАИМЕНОВАНИЕ ТЕМЫ КАК ПРЕДМЕТ |
| Наименование темы |
Экономика |
| Тематический подзаголовок |
Математическое моделирование |
| Формальный подзаголовок |
Учебные издания |
| Идентификатор авторитетной/нормативной записи |
RU\NLR\auth\661263085 |
| Системный номер авторитетной/нормативной записи |
2086938 |
| 606 0# - НАИМЕНОВАНИЕ ТЕМЫ КАК ПРЕДМЕТ |
| Наименование темы |
Экономика |
| Формальный подзаголовок |
Руководства, пособия и т.п. |
| Тематический подзаголовок |
Компьютеризация |
| Системный номер авторитетной/нормативной записи |
2112333 |
| Идентификатор авторитетной/нормативной записи |
RU\NLR\auth\661276492 |
| 606 0# - НАИМЕНОВАНИЕ ТЕМЫ КАК ПРЕДМЕТ |
| Наименование темы |
Экономика |
| Формальный подзаголовок |
Учебные издания |
| Тематический подзаголовок |
Компьютеризация |
| Системный номер авторитетной/нормативной записи |
2112333 |
| Идентификатор авторитетной/нормативной записи |
RU\NLR\auth\661276492 |
| 686 ## - ИНДЕКСЫ ДРУГИХ КЛАССИФИКАЦИЙ |
| Индекс |
У.в611я7 |
| 686 ## - ИНДЕКСЫ ДРУГИХ КЛАССИФИКАЦИЙ |
| Индекс |
У.в612я7 |
| 700 #1 - ИМЯ ЛИЦА - ПЕРВИЧНАЯ ОТВЕТСТВЕННОСТЬ |
| Код отношения |
Автор |
| Материалы, к которым относится поле |
rus |
| Графика поля |
Кириллица |
| Начальный элемент ввода |
Лернер |
| Часть имени, кроме начального элемента ввода |
Э. Ю. |
| Расширение инициалов личного имени |
Эдуард Юльевич |
| Идентификатор авторитетной/нормативной записи |
RU\NLR\auth\7718370 |
| Системный номер авторитетной/нормативной записи |
1448 |
| 701 #1 - ИМЯ ЛИЦА - АЛЬТЕРНАТИВНАЯ ОТВЕТСТВЕННОСТЬ |
| Код отношения |
Автор |
| Материалы, к которым относится поле |
rus |
| Графика поля |
Кириллица |
| Начальный элемент ввода |
Кашина |
| Часть имени, кроме начального элемента ввода |
О. А. |
| Даты |
1960- |
| Расширение инициалов личного имени |
Ольга Андреевна |
| Идентификатор авторитетной/нормативной записи |
RU\NLR\auth\7718365 |
| Системный номер авторитетной/нормативной записи |
1443 |
| 790 #1 - ИМЯ ЛИЦА - АЛЬТЕРНАТИВНАЯ ФОРМА |
| Код отношения |
Автор |
| Материалы, к которым относится поле |
rus |
| Графика поля |
Латинская |
| Начальный элемент ввода |
Lerner |
| Часть имени, кроме начального элемента ввода |
Ê. J. |
| Расширение инициалов личного имени |
Êduard Jul'evič |
| Идентификатор авторитетной/нормативной записи |
RU\NLR\auth\7718372 |
| Системный номер авторитетной/нормативной записи |
1450 |
| 790 #1 - ИМЯ ЛИЦА - АЛЬТЕРНАТИВНАЯ ФОРМА |
| Код отношения |
Автор |
| Материалы, к которым относится поле |
rus |
| Графика поля |
Латинская |
| Начальный элемент ввода |
Kašina |
| Часть имени, кроме начального элемента ввода |
O. A. |
| Даты |
1960- |
| Расширение инициалов личного имени |
Ol'ga Andreevna |
| Идентификатор авторитетной/нормативной записи |
RU\NLR\auth\7718369 |
| Системный номер авторитетной/нормативной записи |
1447 |
| 801 #0 - ИСТОЧНИК ЗАПИСИ |
| Страна |
российская федерация |
| Организация |
NLR |
| Дата составления |
20040322 |
| Правила каталогизации |
PSBO |
| 801 #1 - ИСТОЧНИК ЗАПИСИ |
| Страна |
российская федерация |
| Организация |
NLR |
| Дата составления |
20040322 |
| 942 ## - ДОПОЛНИТЕЛЬНЫЕ ЭЛЕМЕНТЫ ЗАПИСИ (АБИС) |
| Тип экземпляра АБИС |
Книга |
| 980 ## - КОЛЛЕКЦИЯ |
| Название коллекции |
Национальная библиография |